000 00318nam a2200133Ia 4500
008 100328s9999 xx 000 0 und d
082 _b72492
100 _aगोडबोले अशोक.
245 _aशँकी
260 _bनवल
630 _aशँकी
730 _aशँकी
942 _cBOOK
999 _c558213
_d558210